000 00976na a2200301 4500
001 23123
003 MIRAKIL
005 20181213155149.0
008 170714b tu 000 0
020 _a9786056435515
040 _aMilas
_btur
_cTR-AnCHP
041 _atur
082 _a363.3109561
_bD23b 2014
090 _a363.3109561 D23b 2014
100 _aDağıstanlı, Mustafa Alp
245 _a5 ne ? 1 Kim?
_bMedyanın Mutfağından sansür-otosansür hikayeleri
_cMustafa Alp Dağıstanlı
246 _aMedyanın Mutfağından sansür-otosansür hikayeleri
260 _aİstanbul
_bPostacı yayınevi
_c2014
_fPasifik ofset
300 _a237 s.
_btbl.
_c19 sm.
440 _aPostacı yayınevi
_v6
490 _aGüncel
_v1
504 _aDizin var.
650 _aİfade özgürlüğü
_xTürkiye
650 _aMedya
_xSansür
_yTürkiye
650 _aSansür
_xTürkiye
740 _aMedyanın Mutfağından sansür-otosansür hikayeleri
942 _2ddc
_cBKS
999 _c7793
_d7793